| 000 | 01214nam0a22003491 4500 | ||
|---|---|---|---|
| 001 | v19\rc\1701195 | ||
| 005 | 20061002161243.8 | ||
| 035 | _a(NLR Aleph) 004803043 | ||
| 090 |
_a4849069 _c4849069 |
||
| 100 | _a20260118 rusy50 | ||
| 101 | 1 |
_arus _cfre |
|
| 102 | _aRU | ||
| 105 | _ay z ||||| | ||
| 200 | 1 |
_aЭволюция торговли у различных человеческих рас _f[Соч.] Шарля Летурно _gПер. с фр. Т. Богданович |
|
| 210 |
_aСанкт-Петербург _cтип. И.Н. Скороходова _d1898 |
||
| 215 |
_a182 с. _d25 |
||
| 311 | _aОтт. из журн. "Мир божий". № 5-7, 9-12 | ||
| 488 | 0 |
_12001#$aМир божий$v№ 5-7, 9-12 _tМир божий |
|
| 700 | 1 |
_aЛетурно _bШ. _f1831-1902 _gШарль |
|
| 702 | 1 |
_aБогданович _bТ. _4730 |
|
| 801 | 0 |
_aRU _bNLR _gpsbo |
|
| 801 | 0 |
_aRU _bRuMoRGB _2psbo |
|
| 801 | 1 |
_aRU _bProSoft-M _2rusmarc |
|
| 852 |
_aNLR _jЭк54/Б-7/2 |
||
| 899 |
_aRuMoRGB _jU 388/284 |
||
| 899 |
_aRuMoRGB _jR 310/147 |
||
| 899 |
_aRuMoRGB _jW 510/397 |
||
| 899 |
_aRuMoRGB _jКл 67/559 |
||
| 899 | _aГПИБ | ||
| 899 | _aНБ МГУ | ||
| 942 | _cBOOK | ||
| 980 | _aNB | ||